5HLuxD.jpg

KING HENRY VIII SENIOR AND PRIMARY SCHOOL LIBRARY OPAC

Candy fairies : (Record no. 2157)

000 -LEADER
fixed length control field 02067cam a2200505 i 4500
001 - CONTROL NUMBER
control field 19076752
003 - CONTROL NUMBER IDENTIFIER
control field OSt
005 - DATE AND TIME OF LATEST TRANSACTION
control field 20230314082849.0
008 - FIXED-LENGTH DATA ELEMENTS--GENERAL INFORMATION
fixed length control field 160420s2016 nyuab j 000 1 eng d
010 ## - LIBRARY OF CONGRESS CONTROL NUMBER
LC control number 2016939443
020 ## - INTERNATIONAL STANDARD BOOK NUMBER
International Standard Book Number 9781481485661 (paperback)
035 ## - SYSTEM CONTROL NUMBER
System control number (OCoLC)ocn942707429
040 ## - CATALOGING SOURCE
Original cataloging agency YDXCP
Language of cataloging eng
Transcribing agency YDXCP
Description conventions rda
Modifying agency BTCTA
-- OCLCQ
-- SINLB
-- CNEDM
-- OCLCO
-- OCLCF
-- DLC
-- KH8
042 ## - AUTHENTICATION CODE
Authentication code lccopycat
082 04 - DEWEY DECIMAL CLASSIFICATION NUMBER
Classification number FIC PER
Edition number 23
100 1# - MAIN ENTRY--PERSONAL NAME
Personal name Perelman, Helen,
Relator term author.
240 10 - UNIFORM TITLE
Uniform title Novels.
Form subheading Selections
245 10 - TITLE STATEMENT
Title Candy fairies :
Remainder of title 3-books-in-1!
Number of part/section of a work #2 /
Statement of responsibility, etc. Helen Perelman ; illustrated by Erica-Jane Waters.
250 ## - EDITION STATEMENT
Edition statement Aladdin paperback edition.
264 #1 - PRODUCTION, PUBLICATION, DISTRIBUTION, MANUFACTURE, AND COPYRIGHT NOTICE
Place of production, publication, distribution, manufacture New York :
Name of producer, publisher, distributor, manufacturer Aladdin,
Date of production, publication, distribution, manufacture, or copyright notice 2016.
300 ## - PHYSICAL DESCRIPTION
Extent 312 pages :
Other physical details illustrations, map ;
Dimensions 20 cm
336 ## - CONTENT TYPE
Content type term text
Source rdacontent
337 ## - MEDIA TYPE
Media type term unmediated
Source rdamedia
338 ## - CARRIER TYPE
Carrier type term volume
Source rdacarrier
500 ## - GENERAL NOTE
General note First work originally published: New York : Aladdin, 2010. 2nd work originally published: New York : Aladdin, 2011. 3rd work originally published: New York : Aladdin, 2011.
505 0# - FORMATTED CONTENTS NOTE
Formatted contents note Cool mint -- Magic hearts -- The Sugar Ball.
520 ## - SUMMARY, ETC.
Summary, etc. Collects three adventures of the Candy Fairies, featuring Dash the Mint Fairy, Berry the Fruit Fairy, and Cocoa the Chocolate Fairy.
521 1# - TARGET AUDIENCE NOTE
Target audience note Ages 7-10.
650 #0 - SUBJECT ADDED ENTRY--TOPICAL TERM
Topical term or geographic name entry element Fairies
Form subdivision Juvenile fiction.
650 #0 - SUBJECT ADDED ENTRY--TOPICAL TERM
Topical term or geographic name entry element Candy
Form subdivision Juvenile fiction.
650 #1 - SUBJECT ADDED ENTRY--TOPICAL TERM
Topical term or geographic name entry element Fairies
Form subdivision Fiction.
650 #1 - SUBJECT ADDED ENTRY--TOPICAL TERM
Topical term or geographic name entry element Candy
Form subdivision Fiction.
650 #7 - SUBJECT ADDED ENTRY--TOPICAL TERM
Topical term or geographic name entry element Candy.
Source of heading or term fast
Authority record control number or standard number (OCoLC)fst00845678
650 #7 - SUBJECT ADDED ENTRY--TOPICAL TERM
Topical term or geographic name entry element Fairies.
Source of heading or term fast
Authority record control number or standard number (OCoLC)fst00919878
655 #7 - INDEX TERM--GENRE/FORM
Genre/form data or focus term Fiction.
Source of term fast
Authority record control number or standard number (OCoLC)fst01423787
655 #7 - INDEX TERM--GENRE/FORM
Genre/form data or focus term Juvenile works.
Source of term fast
Authority record control number or standard number (OCoLC)fst01411637
700 1# - ADDED ENTRY--PERSONAL NAME
Personal name Waters, Erica-Jane,
Relator term illustrator.
700 12 - ADDED ENTRY--PERSONAL NAME
Personal name Perelman, Helen.
Title of a work Cool mint.
700 12 - ADDED ENTRY--PERSONAL NAME
Personal name Perelman, Helen.
Title of a work Magic hearts.
700 12 - ADDED ENTRY--PERSONAL NAME
Personal name Perelman, Helen.
Title of a work Sugar Ball.
906 ## - LOCAL DATA ELEMENT F, LDF (RLIN)
a 7
b cbc
c copycat
d 2
e ncip
f 20
g y-gencatlg
942 ## - ADDED ENTRY ELEMENTS (KOHA)
Source of classification or shelving scheme
Koha item type Books - Fiction
Holdings
Withdrawn status Lost status Source of classification or shelving scheme Damaged status Not for loan Collection code Permanent Location Current Location Shelving location Date acquired Total Checkouts Total Renewals Full call number Barcode Date due Date last seen Date last checked out Price effective from Koha item type
          Fiction KH8 Primary School Library KH8 Primary School Library Fiction 2023-03-14 6 1 FIC PER KHPL000003895 2026-04-21 2026-04-13 2026-04-13 2023-03-14 Books - Fiction

Powered By KH8 IT Dept